000 00718nam a2200193Ia 4500
003 GCL
008 140319s9999 xx 000 0 ara d
040 _aGCL /
_cGCL
082 0 4 _a327.117973
_bج ع
100 1 _aجلال امين
245 1 0 _aعولمة القهر :
_bالولايات المتحدة والعرب والمسلمون قبل وبعد احداث سبتمبر 2001 /
_cجلال امين
250 _aالاولى
260 _aالقاهرة :
_bدار الشروق ،
_c2002
300 _a188 ص ؛
_c24 سم
650 0 4 _aالجرائم الدولية
650 0 4 _aاحداث 11 سبتمبر
650 0 4 _aالارهاب - الولايات المتحدة الامريكية
942 _2ddc
_cBK
999 _c5113
_d5113